NASCAR Daytona 500 Winners - Statistics

General Stats
  • This quiz has been taken 4,855 times
    1,460 since last reset
  • The average score is 40 of 67
Answer Stats
Year Winner % Correct
2004 Dale Earnhardt Jr
94%
2014 Dale Earnhardt Jr
94%
1998 Dale Earnhardt
93%
2006 Jimmie Johnson
86%
2013 Jimmie Johnson
86%
1964 Richard Petty
86%
1966 Richard Petty
86%
1971 Richard Petty
86%
1973 Richard Petty
86%
1974 Richard Petty
86%
1979 Richard Petty
86%
1981 Richard Petty
86%
1959 Lee Petty
83%
2016 Denny Hamlin
82%
2019 Denny Hamlin
82%
2020 Denny Hamlin
82%
1997 Jeff Gordon
81%
1999 Jeff Gordon
81%
2005 Jeff Gordon
81%
2017 Kurt Busch
81%
2024 William Byron
80%
2025 William Byron
80%
2015 Joey Logano
78%
1960 Junior Johnson
77%
1989 Darrell Waltrip
71%
2001 Michael Waltrip
70%
2003 Michael Waltrip
70%
2007 Kevin Harvick
67%
2009 Matt Kenseth
64%
2012 Matt Kenseth
64%
2021 Michael McDowell
62%
2022 Austin Cindric
60%
1985 Bill Elliott
59%
1987 Bill Elliott
59%
2023 Ricky Stenhouse Jr
59%
2018 Austin Dillon
58%
1968 Cale Yarborough
58%
1977 Cale Yarborough
58%
1983 Cale Yarborough
58%
1984 Cale Yarborough
58%
1978 Bobby Allison
54%
1982 Bobby Allison
54%
1988 Bobby Allison
54%
1992 Davey Allison
53%
2008 Ryan Newman
53%
1993 Dale Jarrett
52%
1996 Dale Jarrett
52%
2000 Dale Jarrett
52%
2011 Trevor Bayne
51%
1976 David Pearson
45%
2010 Jamie McMurray
42%
2002 Ward Burton
42%
1994 Sterling Marlin
39%
1995 Sterling Marlin
39%
1990 Derrike Cope
31%
1962 Fireball Roberts
27%
1967 Mario Andretti
27%
1980 Buddy Baker
26%
1975 Benny Parsons
25%
1986 Geoff Bodine
22%
1991 Ernie Irvan
21%
1972 AJ Foyt
20%
1969 LeeRoy Yarbrough
17%
1963 Tiny Lund
14%
1965 Fred Lorenzen
13%
1970 Pete Hamilton
13%
1961 Marvin Panch
11%
No matching quizzes found
Score Distribution
Percent of People with Each Score
Percentile by Number Answered
Your Score History
You have not taken this quiz since the last reset